Annual Report, 2002 - 03 (Record no. 47259)

MARC details
000 -LEADER
fixed length control field 00498nam a22001817a 4500
003 - CONTROL NUMBER IDENTIFIER
control field OSt
008 - FIXED-LENGTH DATA ELEMENTS--GENERAL INFORMATION
fixed length control field 241204b |||||||| |||| 00| 0 eng d
082 ## - DEWEY DECIMAL CLASSIFICATION NUMBER
Classification number 632.5806
Item number N28A
100 ## - MAIN ENTRY--PERSONAL NAME
Personal name National Research Centre for Weed Science
245 ## - TITLE STATEMENT
Title Annual Report, 2002 - 03
260 ## - PUBLICATION, DISTRIBUTION, ETC. (IMPRINT)
Place of publication, distribution, etc .- Jabalpur (M. P.)
Name of publisher, distributor, etc : National Research Centre for Weed Science
Date of publication, distribution, etc , 2003
300 ## - PHYSICAL DESCRIPTION
Extent iii,67p.
650 ## - SUBJECT ADDED ENTRY--TOPICAL TERM
Topical term or geographic name as entry element Annual Report
650 ## - SUBJECT ADDED ENTRY--TOPICAL TERM
Topical term or geographic name as entry element Weed Science
650 ## - SUBJECT ADDED ENTRY--TOPICAL TERM
Topical term or geographic name as entry element NRCWS
650 ## - SUBJECT ADDED ENTRY--TOPICAL TERM
Topical term or geographic name as entry element Jabalpur
942 ## - ADDED ENTRY ELEMENTS (KOHA)
Source of classification or shelving scheme
Koha item type Report & Other Documents
Holdings
Withdrawn status Lost status Source of classification or shelving scheme Damaged status Not for loan Home library Current library Date acquired Cost, normal purchase price Total Checkouts Full call number Barcode Date last seen Bill Date Koha item type
          Dr. Rajendra Prasad Central Agricultural University Pusa, Dr. Rajendra Prasad Central Agricultural University Pusa, 04/12/2024 0.00   632.5806 N28A 50596 04/12/2024   Report & Other Documents
Hosted, Implemented, Customized & Maintained by: BestBookBuddies

Powered by Koha